000 00849nam a22002535i 4500
001 176419
003 ES-MaACL
005 20230906220057.0
008 110113s1968 sp |||| | spa d
080 _a616-008.9
100 0 _aAlbeaux-Fernet, Michel.
_9144701
245 1 4 _aLas consultas diarias en patología metabólica /
_cpor M. Albeaux-Fernet y J. D. Romani ; versión española de H. Bozzi de Peláez.
250 _a1ª ed.
260 _aBarcelona :
_bToray-Masson,
_c1968.
300 _aXI, 216 p. ;
_c22 cm.
490 1 _aLas consultas diarias ;
_v20
500 _aÍndice.
650 0 4 _aMetabolismo-
_xTrastornos.
_915011
700 1 _aRomani, J. D.
_9144748
700 1 _aBozzi de Pélaez, H.
_9126139
830 0 _aLas consultas diarias ;
_v20
_9190025
852 _aES-MaACL
_jE-14049
_xOlim P-210-Ter
999 _c176419
_d176419